Online
Catalog

Domislang : (Record no. 58680)

MARC details
000 -CABECERA
campo de control de longitud fija 01190nam a2200229 i 4500
003 - IDENTIFICADOR DEL NÚMERO DE CONTROL
campo de control DO-SdBNP
005 - FECHA Y HORA DE LA ÚLTIMA TRANSACCIÓN
campo de control 20250625093842.0
007 - CAMPO FIJO DE DESCRIPCIÓN FÍSICA--INFORMACIÓN GENERAL
campo de control de longitud fija ta
008 - DATOS DE LONGITUD FIJA--INFORMACIÓN GENERAL
campo de control de longitud fija 250625b2024 dr ||||| |||| 00| 0 spa d
020 ## - NÚMERO INTERNACIONAL ESTÁNDAR DEL LIBRO
Número Internacional Estándar del Libro 9789945801941
040 ## - FUENTE DE LA CATALOGACIÓN
Centro catalogador/agencia de origen DO-SdBNP
Lengua de catalogación spa
Centro/agencia transcriptor BNPHU
Normas de descripción rda
082 ## - NÚMERO DE LA CLASIFICACIÓN DECIMAL DEWEY
Número de clasificación xxx
Número de documento/Ítem D542
Número de edición 22
100 1# - ENTRADA PRINCIPAL--NOMBRE DE PERSONA
Nombre de persona Díaz, José
Término indicativo de función/relación autor
Código de función/relación aut.
9 (RLIN) 9448
245 10 - MENCIÓN DE TÍTULO
Título Domislang :
Resto del título the dictionary /
Mención de responsabilidad, etc. José Díaz
250 ## - MENCIÓN DE EDICIÓN
Mención de edición Primera edición
264 #4 - PRODUCCIÓN, PUBLICACIÓN, DISTRIBUCIÓN, FABRICACIÓN Y COPYRIGHT
Producción, publicación, distribución, fabricación y copyright [Santo Domingo] :
Nombre del de productor, editor, distribuidor, fabricante [editor no identificado],
Fecha de producción, publicación, distribución, fabricación o copyright ©2024.
300 ## - DESCRIPCIÓN FÍSICA
Extensión 255 páginas ;
Dimensiones 23 cm.
520 ## - SUMARIO, ETC.
Sumario, etc. Este libro es una guía completa para comprender el español dominicano y sus particularidades.<br/><br/>Incluye:<br/><br/>- Guía del Español Dominicano: Explicaciones detalladas sobre las diferencias de nuestro lenguaje con respecto a otros países.<br/><br/>- El ciccionario: Palabras comunes usadas en la República Dominicana, con ejemplos, sinónimos, antónimos y explicaciones de su uso.<br/><br/>- Frases Dominicanas: Frases y expresiones populares únicas de los dominicanos.<br/><br/>- Palabras Vulgares: Términos que no suelen encontrarse en los diccionarios tradicionales.
590 ## - NOTA LOCAL (RLIN)
Nota local Inventariado, 2025/ YL
910 ## - DATOS DE OPCIÓN DEL USUARIO (OCLC)
Datos de opción del usuario YLockward
942 ## - ELEMENTOS DE PUNTO DE ACCESO ADICIONAL (KOHA)
Fuente del sistema de clasificación o colocación Dewey Decimal Classification
Tipo de ítem Koha Libro
Holdings
Estado de retiro Estado de pérdida Fuente del sistema de clasificación o colocación Restricciones de uso No para préstamo Código de colección Localización permanente Ubicación/localización actual Ubicación en estantería Fecha de adquisición Fuente de adquisición Total de préstamos Signatura topográfica completa Código de barras Fecha visto por última vez Precio válido a partir de Tipo de ítem Koha Número de copia
    Dewey Decimal Classification Excluido de préstamo   Patrimonio Dominicano Biblioteca Nacional Pedro Henríquez Ureña Biblioteca Nacional Pedro Henríquez Ureña En catalogación 04.03.2025 Depósito Legal   BNPHU PD xxx D542 2025-3001 09.04.2025 09.04.2025 Libro  
    Dewey Decimal Classification Excluido de préstamo   Patrimonio Dominicano Biblioteca Nacional Pedro Henríquez Ureña Biblioteca Nacional Pedro Henríquez Ureña En catalogación 04.03.2025 Depósito Legal   BNPHU PD xxx D542 2025-3002 09.04.2025 09.04.2025 Libro e.2
    Dewey Decimal Classification Préstamo en sala   Dominicana de Servicio Biblioteca Nacional Pedro Henríquez Ureña Biblioteca Nacional Pedro Henríquez Ureña En catalogación 04.03.2025 Depósito Legal   BNPHU DS xxx D542 2025-3004 09.04.2025 09.04.2025 Libro e.3

Powered by Koha